| 000 | 02289cam a22003978i 4500 | ||
|---|---|---|---|
| 001 | 20756792 | ||
| 003 | NUST | ||
| 005 | 20240304111309.0 | ||
| 008 | 181021s2019 enk b 001 0 eng c | ||
| 010 | _a 2018047361 | ||
| 020 | _a9781350050785 | ||
| 020 | _z9781350050792 | ||
| 020 | _z9781350050808 | ||
| 038 | _aMalang Jan | ||
| 040 |
_aLBSOR/DLC _beng _erda _cLBSOR |
||
| 042 | _apcc | ||
| 050 | 0 | 0 |
_aNC1000 _b.N68 2019 |
| 082 | 0 | 0 |
_a740.71 _223 _bNOT |
| 100 | 1 |
_aNottingham, Anitra, _eauthor. _9121757 |
|
| 245 | 1 | 4 |
_aThe graphic design process : _bhow to be successful in design school / _cAnitra Nottingham and Jeremy Stout. |
| 263 | _a1909 | ||
| 264 | 1 |
_aLondon ; _aNew York, NY : _bBloomsbury Visual Arts, _c2019. |
|
| 300 |
_a199p.: _bill; |
||
| 336 |
_atext _2rdacontent |
||
| 337 |
_aunmediated _2rdamedia |
||
| 338 |
_avolume _2rdacarrier |
||
| 504 | _aIncludes bibliographical references and index. | ||
| 505 | 0 | _aDesign thinking -- The 4D design process -- How this book is structured -- Discover -- Design -- Develop -- Deploy. | |
| 520 |
_a"One of the main challenges students face upon entering design school is little knowledge of the field, its terminology and best practices. Unsurprisingly, most new students have never fully developed a concept or visual idea, been in a critique, or have been asked to explain their work to others. This book demystifies what design school is really like and explains what will be experienced at each stage, with particular focus on practical advice on topics like responding to design briefs and developing ideas, building up confidence and understanding what is expected. Student work is critiqued to show how projects are really assessed. Profiles highlight how professional designers themselves address client briefs. Tips for real-life problems are outlined, like getting stuck and dealing with critical feedback. Written by experienced instructors, this is the perfect guide for those starting their design education"-- _cProvided by publisher. |
||
| 650 | 0 |
_aCommercial art _xStudy and teaching. _9121758 |
|
| 650 | 0 |
_aGraphic arts _xStudy and teaching. _9121759 |
|
| 700 | 1 |
_aStout, Jeremy, _eauthor. _9121760 |
|
| 906 |
_a7 _bcbc _corignew _d1 _eecip _f20 _gy-gencatlg |
||
| 942 |
_2ddc _cBK |
||
| 999 |
_c608527 _d608527 |
||